Sigilos paralelos (Registro nro. 302034)

Detalles MARC
000 -ENCABEZADO
Número de control [NR] 00697 a2200205 4500
005 - FECHA Y HORA DE LA ÚLTIMA TRANSACCIÓN
control field 20160622092018.0
008 - DE LONGITUD FIJA DE DATOS DE ELEMENTOS - INFORMACIÓN GENERAL
Elementos de longitud fija [NR] 151118s2014 ck f fr|||| 000 0 spa d
020 ## - NUMERO INTERNACIONAL NORMALIZADO PARA LIBROS [R]
Número Internacional Normalizado del libro [NR] 9789588736730
040 ## - FUENTE DE CATALOGACION [NR]
Agencia de catalogación original [NR] CO-BoUCM
Idioma de catalogación [NR] spa
Quien Cataloga Saul Niño
Quien Clasifica Saul Niño
041 0# - CODIGO DE IDIOMA [R]
Código de idioma para texto/pista de sonido o título separado [R] Español
100 1# - ASIENTO PRINCIPAL--NOMBRE PERSONAL [NR]
Nombre personal [NR] Menco Mendoza, Argemiro
Fechas asociadas con el nombre [NR] 1948-
ID Autoridad 73738
245 ## - MENCION DE TITULO [NR]
Título [NR] Sigilos paralelos
Parte restante del título [NR] (Poesía)
Mención de responsabilidad, etc. [NR] Argemiro Menco Mendoza
260 ## - PUBLICACION, DISTRIBUCION, ETC. (PIE DE IMPRENTA) [R]
Fecha de publicación, distribución, etc. [R] 2014
Nombre del editor, distribuidor, etc. [R] Universitaria
Lugar de publicación, distribución, etc. [R] Cartagena (Bolívar, Colombia)
300 ## - DESCRIPCION FISICA [R]
Extensión [R] 209 páginas
Otros detalles físicos [NR] láminas
650 #7 - ASIENTO SECUNDARIO DE MATERIA - TERMINO TEMATICO [R]
9 (RLIN) 21792
Término temático o nombre geográfico como elemento de entrada [NR] Poesía colombiana
650 #7 - ASIENTO SECUNDARIO DE MATERIA - TERMINO TEMATICO [R]
9 (RLIN) 19398
Término temático o nombre geográfico como elemento de entrada [NR] Metáfora
690 ## - ASUNTO AGREGADO LOCAL DE ENTRADA - TÉRMINO TEMÁTICO (OCLC, RLIN)
9 (RLIN) 42861
Acceso temático local Literatura colombiana
942 ## - ELEMENTOS DE ENTRADA AGREGADOS (KOHA)
Sistema de clasificación DEWEY
Tema principal Literatura
Tipo de ítem principal el descrito en 300a Libro
Edición 1
Clasificación C 861
Parte restante de la signatura top. M536si
Título oculto en OPAC No
Existencias
Signatura topográfica Código de barras Última vez visto Ejemplar Costo de reposición Price effective from Tipo de ítem Perdido Sistema de clasificación Dañado No prestable Tipo de ítem específico Suprimido Ubicación habitual Ubicación actual Localización Fecha de creación Proveedor Forma de adquisición Costo
C 861 M536si 100148325 09/12/2025 Ej.1 26000.00 11/11/2015 Libro   DEWEY     Libro   Claustro Claustro 2do piso 11/11/2015 12 Donación 0.00